000 00351 a2200169 4500
001 187926
020 _a978-85-09693-3
040 _cMagnum
100 _aRey, Marcos
240 1 0 _aAcontece na cidade
_lpor
245 1 0 _aAcontece na cidade
300 _a111
362 0 _a2005
440 1 _aÁtica
697 _aLITERATURA JUVENIL
942 _cBK
999 _c187926
_d187926